Mutual funds and investors / (Record no. 94897)

MARC details
000 -LEADER
fixed length control field 00597nam a22001937a 4500
005 - DATE AND TIME OF LATEST TRANSACTION
control field 20150903113102.0
010 ## - LCCN (DPL NO)
LC control number ENG-113468
020 ## - INTERNATIONAL STANDARD BOOK NUMBER
Terms of availability 287.00
International Standard Book Number 9788170545576
035 ## - SYSTEM CONTROL NUMBER
System control number EN-97000
037 ## - SOURCE OF ACQUISITION
Source of stock number/acquisition DBAD/PUB
082 ## - DEWEY DECIMAL CLASSIFICATION NUMBER
Classification number 332.632709543
100 ## - MAIN ENTRY--PERSONAL NAME
Personal name Parashar, Neha
245 ## - TITLE STATEMENT
Title Mutual funds and investors /
Statement of responsibility, etc by Neha Parashar
260 ## - PUBLICATION, DISTRIBUTION, ETC. (IMPRINT)
Place of publication, distribution, etc New Delhi
Name of publisher, distributor, etc Classical Publishing
Date of publication, distribution, etc 2011
270 ## - ADDRESS
Address 28, Shopping Centre, Karampura
City New Delhi
Postal code 110056
300 ## - PHYSICAL DESCRIPTION
Extent xv,286p.
Dimensions 22cm(Hb)
500 ## - GENERAL NOTE
General note Includes bibliographical references
942 ## - ADDED ENTRY ELEMENTS (KOHA)
Source of classification or shelving scheme Dewey Decimal Classification
Item type English Books
Call number suffix PAR
Classification part 332.632709543
Holdings
Withdrawn status Lost status Not for loan Collection code Home library Current library Date acquired Source of acquisition Cost, normal purchase price Full call number Barcode Copy number Cost, replacement price Koha item type
    Not For Loan Non-fiction D.B.Act.Division D.B.Act.Division 14/07/2015 DBAD/PUB 287.00 332.632709543 PAR EN-97000 1 287.00 English Books

© Delhi Public Library
Hit Counter
free hit counter